Most expensive soccer transfer every season since 2000/01 - Statistics

General Stats
  • This quiz has been taken 102 times
  • The average score is 18 of 22
Answer Stats
Season € Million From To Answer % Correct
2017/18 222 FC Barcelona PSG Neymar
98%
2013/14 101 Tottenham Real Madrid Gareth Bale
96%
2018/19 145 AS Monaco PSG Kylian Mbappe
96%
2016/17 105 Juventus Turin Manchester United Paul Pogba
95%
2009/10 94 Manchester United Real Madrid Cristiano Ronaldo
94%
2020/21 80 Bayer Leverkusen Chelsea FC Kai Havertz
94%
2015/16 76 VFL Wolfsburg Manchester City Kevin de Bruyne
94%
2021/22 117,5 Aston Villa Manchester City Jack Grealish
92%
2000/01 60 FC Barcelona Real Madrid Luís Figo
91%
2014/15 81,72 FC Liverpool FC Barcelona Luis Suárez
90%
2019/20 127,2 SL Benfica Atlético Madrid João Félix
89%
2001/02 77,5 Juventus Turin Real Madrid Zinédine Zidane
89%
2007/08 38 Atlético Madrid FC Liverpool Fernando Torres
88%
2010/11 58,5 FC Liverpool Chelsea FC Fernando Torres
88%
2003/04 37,5 Manchester United Real Madrid David Beckham
82%
2012/13 42 AC Milan PSG Thiago Silva
76%
2004/05 38,5 Olympique Marseille Chelsea FC Didier Drogba
73%
2006/07 43,88 AC Milan Chelsea FC Andriy Shevchenko
70%
2002/03 46 Leeds United Manchester United Rio Ferdinand
70%
2008/09 43 Real Madrid Manchester City Robinho
57%
2011/12 42 Palermo FC PSG Javier Pastore
53%
2005/06 38 Olympique Lyon Chelsea FC Michael Essien
53%
No matching quizzes found
Score Distribution
Percent of People with Each Score
Percentile by Number Answered
Your Score History
You have not taken this quiz